| 000 | 01296cam a22003617a 4500 | ||
|---|---|---|---|
| 003 | CHAP | ||
| 005 | 20220329134459.0 | ||
| 008 | 971013s1983 r 00010 d | ||
| 010 | _a21016 | ||
| 011 | _a21988 | ||
| 035 | _a26080 | ||
| 040 | _cCHAP | ||
| 082 |
_a633.1 _bB65Y |
||
| 100 | 0 | 0 |
_aBonnet, O. T. _913734 |
| 245 | 1 | 4 |
_aLas inflorescencias de maíz, trigo, centeno, cebada y avena _b: su iniciación y desarrollo |
| 260 |
_aBuenos Aires : _bHemisferio sur, _c1983 |
||
| 300 |
_a112 p. _b: ilus. |
||
| 590 |
_aBATCH-UPD _b10 _c20130110 _lUCH01 _h0137 |
||
| 590 |
_aBATCH-UPD _b10 _c20130110 _lUCH01 _h2116 |
||
| 590 |
_aBATCH-UPD _b10 _c20130410 _lUCH01 _h1426 |
||
| 590 |
_aBATCH-UPD _b10 _c20130914 _lUCH01 _h0433 |
||
| 590 |
_aCONVERSION _b10 _c20130109 _lUCH01 _h1312 |
||
| 650 | 1 | 4 |
_aAvena _xInflorescencia. _98529 |
| 650 | 1 | 4 |
_aCebada _xInflorescencia. _920688 |
| 650 | 1 | 4 |
_aCenteno _xInflorescencia. _921004 |
| 650 | 1 | 4 |
_aMaíz _xInflorescencia. _970981 |
| 650 | 1 | 4 |
_aTrigo _xInflorescencia. _9115043 |
| 901 | _aBK | ||
| 942 | _cLIBRO | ||
| 949 |
_a633.1 B65Y _bBC _cESP _d-60259 _eESP _fc.3 _gI. c/e _h68628 _i26080 _si |
||
| 949 |
_a633.1 B65Y _bBC _cLIBRO _d33724000766143 _eLIBRO _fc.2 _gI. c/e _h68627 _i26080 _si |
||
| 949 |
_a633.1 B65Y _bBC _cLIBRO _d33724002203082 _eLIBRO _gI. c/e _h68626 _i26080 _si |
||
| 999 |
_c21016 _d21016 |
||